Movies Quiz

Random Movies or Clickable Quiz

10 to 1 Movie Villains Quiz Stats

 Plays Quiz Updated Nov 29, 2015

Score 0/55 Timer 08:00
31 Plays Today
% Correct
Auric Goldfinger
92.3%
Darth Vader
88.1%
Dr. Julius No
87.1%
Darth Maul
86.6%
The Joker
83.7%
The Riddler
82.2%
The Penguin
81.8%
Lex Luthor
81.3%
Two-Face
80.9%
Hannibal Lecter
80.6%
Loki
80%
Mr. Freeze
79.8%
Emperor Palpatine
78.8%
Count Dooku
78.6%
Smaug
77.5%
Venom
76.8%
Dr. Otto Octavius
76.7%
Bane
76.5%
Saruman
73.8%
Red Skull
72.6%
General Grievous
71.9%
Hans Gruber
71.5%
Ernst Stavro Blofeld
67.5%
Alec Trevelyan
62.4%
General Zod
60.2%
Francisco Scaramanga
59.3%
Grand Moff Tarkin
59.2%
Abomination
58.8%
% Correct
Buffalo Bill
58.8%
Khan Noonien Singh
57.7%
Gothmog
55.5%
Lady Tremaine
55.2%
Shan Yu
52.9%
Aristotle Kristatos
52.9%
William Stryker, Jr.
52.3%
General Georgi Koskov
52.2%
Stromboli
51.1%
Governor Ratcliffe
49.9%
Erik Lehnsherr
46.9%
Claude Frollo
46.4%
Commander Kruge
45.5%
Obadiah Stane
41.3%
Hugo Drax
40.1%
Max Zorin
39.8%
Gul Dukat
38%
Nute Gunray
36.9%
Elliot Carver
35.8%
Aldrich Killian
35.5%
Jim Phelps
32.7%
Tolian Soran
28.8%
Valeris
24.7%
Edgar Balthazar
24.2%
Owen Davian
23.8%
Sean Ambrose
23.7%
Kurt Hendricks
22.5%

You're not logged in!

Compare scores with friends on all Sporcle quizzes.
OR
Log In

Show Comments

Extras

Top Quizzes Today


Score Distribution

Your Account Isn't Verified!

In order to create a playlist on Sporcle, you need to verify the email address you used during registration. Go to your Sporcle Settings to finish the process.

Report this User

Report this user for behavior that violates our Community Guidelines.

Details: